|
|
|
|
| LEADER |
00000nab a2200000 a 4500 |
| 001 |
vtls008415822 |
| 003 |
SK-MaSNL |
| 005 |
20260303070011.0 |
| 008 |
141122c2005 xo 0 slo |
| 015 |
|
|
|a SNBCL2005/5
|
| 035 |
|
|
|a SLK033301
|
| 040 |
|
|
|a SLKCL
|b slo
|c SNKBUCL
|e AACR2
|
| 041 |
1 |
|
|a slo
|
| 044 |
|
|
|a xo
|c SK
|
| 080 |
|
|
|a 616.14-008.64-083:615.477.58
|2 1981
|
| 100 |
1 |
|
|a Dršková, Irena
|u Oddelenie cievnej chirurgie FNsP, Bratislava - Petržalka
|4 aut
|9 1066837
|
| 245 |
1 |
0 |
|a Kompresívna terapia chronickej žilovej insuficiencie
|c Irena Dršková, Zuzana Haramiaová
|
| 300 |
|
|
|b Obr.
|
| 504 |
|
|
|a Bibliogr. odkazy
|
| 650 |
0 |
7 |
|a chronická venózna insuficiencia
|2 snkbucl
|9 88877
|
| 650 |
0 |
7 |
|a vred predkolenia
|2 snkbucl
|9 14322
|
| 650 |
0 |
7 |
|a kompresívna terapia
|2 snkbucl
|9 24076
|
| 700 |
1 |
|
|a Haramiaová, Zuzana
|4 aut
|9 1066838
|
| 773 |
0 |
|
|t Sestra
|g Roč. 4, č. 5 (2005), s. 28-30
|x 1335-9444
|
| 850 |
|
|
|a Slovenská lekárska knižnica v Bratislave
|a BA006
|
| 852 |
|
|
|a BA006
|b KIS3GCP
|b 000500000
|
| 999 |
|
|
|c 1753552
|d 1755482
|